Lectures on Bochner-Riesz means /

Guardado en:
Autor Principal: Davis, Katherine Michelle, 1949-
Otros Autores: Chang, Yang-Chun, 1937-
Formato: Libro
Idioma:English
Publicado: Cambridge [Cambridgeshire] ; New York : Cambridge University Press, 1987.
Series:London Mathematical Society lecture note series ; 114
Materias:
Acceso en línea:Sample text
Publisher description
Etiquetas: Agregar Etiqueta
Sin Etiquetas, Sea el primero en etiquetar este registro!
LEADER 01373cam a2200289 a 4500
001 MAT.inmabb006036
008 870513s1987####enka#####b####001#0#eng##
005 20130403171301.0
245 1 0 |a Lectures on Bochner-Riesz means /  |c Katherine Michelle Davis, Yang-Chun Chang. 
260 |a Cambridge [Cambridgeshire] ;  |a New York :  |b Cambridge University Press,  |c 1987. 
300 |a ix, 150 p. :  |b il. ;  |c 23 cm. 
440 0 |a London Mathematical Society lecture note series ;  |v 114 
504 |a Bibliografía: p. [147]-148. 
500 |a Incluye índice. 
505 0 |a 1. Multiplier theory -- 2. The Hilbert transform -- 3. Good lambda and weighted norm inequalities -- 4. Multipliers with singularities -- 5. Singularities along curves -- 6. Restriction theorems -- 7. The multiplier theorem for the disc -- 8. The Cordoba multiplier theorem. 
510 4 |a MR,  |c 88m:42031 
020 |a 0521312779 (pbk.) 
100 1 |a Davis, Katherine Michelle,  |d 1949- 
700 1 |a Chang, Yang-Chun,  |d 1937- 
650 0 |a Fourier series. 
650 0 |a Convergence. 
084 |a 42B15 (42-02 42B25 46Exx 47Gxx)  |2 msc2000 
010 |a  87014638  
040 |a DLC  |c DLC  |d DLC 
856 4 1 |3 Sample text  |u http://www.loc.gov/catdir/samples/cam031/87014638.html 
856 4 2 |3 Publisher description  |u http://www.loc.gov/catdir/description/cam023/87014638.html 
859 |h 42  |i D261  |p A-6399  |b BIB. MATEMATICA